[Event "CCCSA IM Norm B 2019"]
[Site "Charlotte"]
[Date "2019.06.06"]
[Round "1"]
[White "Zapata, Alonso"]
[Black "Dukic, Zachary"]
[Result "1-0"]
[WhiteElo "2444"]
[BlackElo "2228"]
[Annotator "TA"]
[PlyCount "103"]
[EventDate "2019.06.05"]
[EventType "tourn"]
[EventCountry "USA"]
[SourceTitle "playchess.com"]
[Source "ChessBase"]
[SourceQuality "1"]

{[%evp 19,103,20,15,21,25,13,14,12,14,9,28,-29,9,-9,21,10,33,38,46,11,152,57,61,65,70,72,56,61,131,118,125,127,131,140,127,8,8,8,8,9,102,25,46,35,40,32,150,153,252,264,304,291,394,545,544,532,497,256,253,222,224,222,220,208,183,134,192,187,317,312,443,410,494,490,472,477,509,529,606,618,600,593,695,679,641,604]} 1. e4 e5 2. Nf3 Nc6 3. Bb5 a6 4. Ba4 Nf6 5. O-O Be7 6. Re1 b5 7. Bb3 O-O 8. a4 b4 9. d4 d6 10. dxe5 dxe5 11. Nbd2 {C88: Closed Ruy Lopez: Anti-Marshall Systems} Bc5 12. h3 h6 13. a5 {The position is equal.} Qe7 (13... Qd6 14. Qe2 Be6 15. Nc4 Qe7 16. Be3 Rab8 17. Bxc5 Qxc5 18. Ncd2 Rfe8 19. Qxa6 {1-0 (38) Aronian,L (2763)-Svidler,P (2735) Karlsruhe/Baden Baden 2019}) 14. Qe2 Rd8 15. c3 (15. Bc4 $142) 15... Rb8 16. Bc4 Rd6 17. Nf1 Nh5 18. Be3 $146 ({Predecessor:} 18. g4 Rg6 {1-0 (39) Strugnell,C (2238)-Skawinski,A (2355) Warsaw 2016}) 18... Rg6 19. Kh2 Bd7 (19... Bxe3 $11 {keeps the balance.} 20. Nxe3 bxc3 21. bxc3 Nf4) 20. Ng3 (20. g3 $1 $16) 20... Nf4 21. Bxf4 exf4 22. Nf5 Bxf5 23. exf5 Qxe2 {[#]} ({Black should try} 23... Rf6 $14) 24. Bxf7+ $1 $16 {[%mdl 512] [#]} Kh8 $1 {( -> ...Rxg2+!)} (24... Kxf7 25. fxg6+) 25. Rxe2 Rf6 26. Be6 Bd6 27. g4 (27. Kg1 $16) 27... fxg3+ $1 $11 28. fxg3 bxc3 29. bxc3 Rb5 (29... g6 $11) 30. Nh4 ({Better is} 30. Nd2 $16) 30... Rc5 31. Re3 $36 {[%mdl 2048] White fights for an advantage.} Kh7 32. Bc8 Ne7 ({Black should play} 32... Nxa5 $14 33. Ng6 (33. Bxa6 Nc4 $14) 33... Nc4) 33. Bxa6 $16 {And now Bd3 would win.} Nd5 (33... Nc6 $16 34. Bd3 Rxc3) 34. Rf3 $18 Nxc3 35. Bd3 Nb5 36. a6 Na7 37. Re1 Kg8 38. Re8+ (38. Ng6 $142 {aiming for Re8+.} Kf7 39. Kg2) 38... Rf8 39. Rfe3 Rxe8 40. Rxe8+ Kf7 {[#]} 41. Re4 $1 {Threatens to win with Bc4+.} Re5 42. Bc4+ Kf6 {[#]} (42... Ke8 $16 {was necessary.} 43. Rg4 Rc5) 43. Rg4 $1 {[%cal Rg4g6]} Re7 (43... Rc5 {keeps fighting.} 44. Kg2 Be5) 44. Kg2 Nc8 (44... h5 {might work better.} 45. Rg6+ Ke5) 45. Be6 Re8 46. Rg6+ {White is clearly winning.} Ke5 47. Rxg7 Nb6 48. Rg4 Bc5 49. Nf3+ Kd6 50. Rg6 {Strongly threatening Bf7+.} Ra8 51. Bc8+ Ke7 52. Bb7 {Accuracy: White = 52%, Black = 32%.} 1-0

[Event "CCCSA IM Norm B 2019"]
[Site "Charlotte"]
[Date "2019.06.06"]
[Round "1"]
[White "Sinha, Sahil"]
[Black "Kumar, Nikhil"]
[Result "1-0"]
[WhiteElo "2269"]
[BlackElo "2257"]
[Annotator "TA"]
[PlyCount "97"]
[EventDate "2019.06.05"]
[EventType "tourn"]
[EventCountry "USA"]
[SourceTitle "playchess.com"]
[Source "ChessBase"]
[SourceQuality "1"]

{[%evp 26,97,14,8,13,13,13,13,13,13,13,16,33,28,38,9,12,8,7,9,7,0,6,7,27,0,0,-28,-24,-23,65,6,5,0,0,0,165,158,160,95,126,57,57,61,239,243,348,325,333,308,468,468,454,75,85,0,467,464,465,441,594,594,594,594,860,866,5522,608,29985,29986,29986,29987,29988,29989]} 1. d4 Nf6 2. c4 e6 3. Nc3 Bb4 4. Qc2 O-O 5. Nf3 c5 6. dxc5 Na6 {[%cal Bb8a6,Ba6c5,Bc5e4][%mdl 32]} 7. g3 Nxc5 8. Bg2 Nce4 9. O-O Nxc3 10. bxc3 Be7 11. e4 d6 12. e5 dxe5 13. Nxe5 Qc7 14. Qe2 Nd7 {E39: Nimzo-Indian: Classical: 4...c5 5 dxc5 0-0} 15. Bf4 Nxe5 16. Bxe5 Bd6 {[#] The position is equal.} 17. Bxd6 $146 ({Predecessor:} 17. Rfe1 Rb8 18. Rad1 Bxe5 19. Qxe5 Qxe5 {½-½ (43) Nakamura,H (2781)-Caruana,F (2799) London 2017}) 17... Qxd6 18. Rfd1 Qc5 19. Rab1 Rb8 20. Rb5 Qc7 21. Qe5 Qxe5 22. Rxe5 b6 23. c5 Ba6 24. c6 Rbc8 25. f4 Rfd8 26. Rd4 Rxd4 27. cxd4 $11 {[%mdl 4096] Endgame KRB-KRB} Rd8 ({Better is} 27... Kf8 $11) 28. d5 (28. Re3 $1 $14) 28... Kf8 29. dxe6 fxe6 30. Rxe6 Bc4 $2 (30... Rd1+ $1 $11 {and Black stays safe.} 31. Kf2 Rd2+ 32. Kg1 Rd1+ 33. Kf2 Rd2+ 34. Kg1 Rd1+) 31. Re1 $1 $18 Rc8 32. a4 (32. Kf2 $142) 32... b5 33. axb5 ({White should play} 33. Kf2 $16) 33... Bxb5 $14 34. Re6 Rc7 $2 {[#]} (34... a5 $14) 35. Kf2 $1 $18 Bc4 (35... Re7 $142 36. Re5 Rxe5 37. fxe5 Ke8) 36. Re5 a6 37. Be4 g6 (37... Bb3 $142 38. Ke3 Ba4) 38. Ke3 Bb5 39. Re6 $2 (39. g4 $18 {Strongly threatening h4.} Ba4 40. f5) 39... Bc4 $16 {[#]} 40. Re5 $2 {[%mdl 8192]} (40. Rd6 $1 $16 Ke7 41. Rd2) 40... Bb5 $1 $18 41. g4 Kf7 42. g5 Kf8 43. Re6 Re7 44. Rd6 a5 45. Kd4 a4 46. Bd5 (46. Rd8+ $142 Kg7 47. Kc5 Bxc6 48. Bxc6) 46... Bf1 47. Rd8+ {White mates.} Re8 48. c7 Ba6 {[#]} 49. Bc6 $1 {[%mdl 64] Pin. Accuracy: White = 53%, Black = 37%.} 1-0

[Event "CCCSA IM Norm B 2019"]
[Site "Charlotte"]
[Date "2019.06.06"]
[Round "1"]
[White "Mishra, Abhimanyu"]
[Black "Kolay, Alex"]
[Result "1/2-1/2"]
[WhiteElo "2265"]
[BlackElo "2274"]
[Annotator "TA"]
[PlyCount "111"]
[EventDate "2019.06.05"]
[EventType "tourn"]
[EventCountry "USA"]
[SourceTitle "playchess.com"]
[Source "ChessBase"]
[SourceQuality "1"]

{[%evp 25,111,54,58,72,93,72,152,155,164,166,156,150,143,138,171,101,101,83,209,192,202,203,312,307,306,228,314,279,323,315,328,320,304,301,289,227,218,208,203,0,0,0,0,-16,0,-8,9,0,0,-8,-11,-11,-8,-8,-8,-8,-8,-16,-16,-32,-8,-8,-8,-72,-32,-154,-8,-8,-8,-8,-8,-47,-54,-46,-46,-365,-343,-335,-61,-61,-61,-61,-8,-15,-15,-294,-294,-256]} 1. e4 e6 2. d4 d5 3. Nc3 Bb4 4. e5 c5 5. a3 Bxc3+ 6. bxc3 Ne7 7. Qg4 Qc7 8. Bd3 cxd4 9. Ne2 dxc3 10. Qxg7 Rg8 11. Qxh7 Qxe5 12. h4 Nbc6 13. Bf4 Qf6 14. Bg5 $1 {[%cal Rg5f6][%mdl 1024] White has compensation. C18: French: 3 Nc3 Bb4: Main line: 7 h4 and 7 Qg4} Qe5 15. f4 Qc7 (15... Qe3 16. f5 $18) (15... Qd6 $142) (15... Qd6 16. h5 Bd7 17. h6 O-O-O 18. Qxf7 Rdf8 19. Qh5 Be8 20. Qh3 d4 21. Ng3 Bg6 {½-½ (38) Kollars,D (2491)-Mousavi,S (2412) Khanty-Mansiysk 2016}) 16. h5 $1 $16 {[%cal Rh5h6] White is clearly better.} Bd7 17. h6 $1 (17. Nxc3 $2 Qa5 $19) 17... O-O-O {With the idea ...Rdf8.} 18. Qxf7 Rdf8 19. Qh5 $36 {[%mdl 2048] White is in control.} Nf5 20. h7 ({Better is} 20. Bxf5 $1 $18 exf5 21. Rd1 (21. Nxc3 Qa5 $17)) 20... Rh8 21. Qg6 {Bxf5 is the strong threat.} Nce7 $146 (21... e5 $16) ({Predecessor:} 21... d4) 22. Bxe7 $1 $18 Nxe7 23. Qg7 Be8 (23... Nc6 {might work better.} 24. O-O (24. Qxc3 e5 $16) 24... d4) 24. g3 Nf5 25. Qxc7+ (25. Qxc3 Qxc3+ 26. Nxc3 Nxg3 $14) 25... Kxc7 26. O-O-O Rf7 27. g4 ({Less strong is} 27. Nxc3 d4 $16) 27... Ne3 28. Rdg1 Rg7 29. Rh3 ({Don't play} 29. Nxc3 Rxg4 30. Nd1 Rxg1 $18) 29... Nc4 {If Black can now play ...Nb2 this consolidates a bit.} 30. Nd4 Bd7 31. Rh6 e5 32. Ne6+ $2 ({White must play} 32. Ne2 $18) 32... Bxe6 $1 $11 33. Rxe6 exf4 34. g5 Nd2 35. Rf6 Nf3 36. Rg4 {Strongly threatening g6.} Ne5 ({Much worse is} 36... Rxg5 $6 37. Rfxf4 Kc6 38. Kd1 $16) (36... Re7 $5 37. Kb1 $8 Ne5 $14) 37. Rgxf4 {Hoping for g6.} Rxg5 {Threatens to win with ...Rg1+.} 38. Kd1 {Black must now prevent Rf8.} Nxd3 39. Rf7+ Kd6 40. cxd3 {[%mdl 4096] Endgame KRR-KRR} Rh5 41. Kc2 R8xh7 42. Kxc3 Rxf7 (42... R5h6 {is more complex.} 43. a4 Rxf7 44. Rxf7 Kc6 45. a5 a6) 43. Rxf7 {KR-KR} Kc6 44. Re7 (44. Rf6+ $11 {keeps the balance.} Kb5 45. Rf7) 44... Rh4 45. Rg7 {[#]} (45. Re6+ $1 $15 Kc5 46. Re7) 45... Ra4 (45... a5 $1 $17 {White should prevent ...b6.} 46. Rg6+ Kc5) 46. Kb3 b5 47. Rh7 Kc5 48. Rh3 Rg4 49. Kc3 a5 50. Rf3 $2 {[%mdl 8192]} (50. Rh8 $15) 50... Ra4 $19 51. Kb3 {[#]} Rd4 $2 (51... Rh4 $1 $19 {And now ...a4+ would win.} 52. Kc3 a4) 52. Kc3 $1 $15 b4+ 53. axb4+ Rxb4 ({Black should play} 53... axb4+ $15 54. Kb3 Rh4) 54. Rf5 Ra4 55. Rh5 $2 {[%mdl 8192]} (55. Rf3 $11) 55... Ra3+ $19 56. Kc2 {[%mdl 32768] Accuracy: White = 50%, Black = 40%. . An unexpected result.} 1/2-1/2

[Event "CCCSA IM Norm B 2019"]
[Site "Charlotte"]
[Date "2019.06.06"]
[Round "1"]
[White "Homa, Seth"]
[Black "Ynojosa Aponte, Felix Jose"]
[Result "0-1"]
[WhiteElo "2245"]
[BlackElo "2386"]
[Annotator "TA"]
[PlyCount "36"]
[EventDate "2019.06.05"]
[EventType "tourn"]
[EventCountry "USA"]
[SourceTitle "playchess.com"]
[Source "ChessBase"]
[SourceQuality "1"]

{[%evp 9,54,21,40,5,19,0,16,10,0,0,0,0,0,0,0,0,9,-60,-48,-22,-30,-104,-98,-256,-264,-512,-475,-829,-661,-670,-672,-871,-543,-1115,-1106,-1098,-1093,-1434,-659,-2987,-2908,-29993,-1364,-1352,-1332,-1498,-1449]} 1. d4 Nf6 2. Nf3 e6 3. Bg5 c5 4. d5 exd5 5. e3 Qa5+ $146 ({Predecessor:} 5... Be7 6. Nc3 h6 7. Bxf6 Bxf6 8. Qxd5 Bxc3+ 9. bxc3 Qe7 10. Rd1 Nc6 11. Bc4 Rb8 {½-½ (49) Cicak,S (2568)-Timman,J (2578) Germany 2011}) 6. c3 {A46: 1 d4 Nf6 2 Nf3 e6: Torre, London and Colle Systems} Qb6 7. Bxf6 {Black must now prevent Bh4.} Qxb2 8. Qxd5 {Intending Qe5+ and mate.The position is equal.} Qc1+ 9. Ke2 $1 {Qe5+ would kill now.} gxf6 {[#]} 10. Ne5 $1 {[%mdl 512]} Qb2+ (10... fxe5 11. Qxe5+) 11. Nd2 $1 Be7 12. Rb1 Qxc3 13. Qxf7+ ({White should try} 13. Nxf7 $11 Rf8 14. Nd6+ Bxd6 15. Qxd6) 13... Kd8 $15 14. Nd3 Nc6 $36 {[%mdl 2048] ...Qxd3+! is the strong threat. Black is pushing.} 15. Rb3 (15. Kd1 $11) 15... Qc2 $17 {Threatens to win with ...b5.} 16. g3 $2 {[#]} (16. Ke1 $17 {was called for.}) 16... b5 $1 $19 ({Not} 16... Qxa2 17. Bg2 $15) 17. Qg7 $2 (17. a4 {might work better.} Rf8 18. Qh5) 17... Re8 18. Qxh7 (18. Qf7 $142 c4 19. Bg2) 18... Nd4+ {Played: c5-c4} 0-1

[Event "CCCSA IM Norm B 2019"]
[Site "Charlotte"]
[Date "2019.06.06"]
[Round "1"]
[White "Francisco, Richard"]
[Black "Lokander, Martin"]
[Result "0-1"]
[WhiteElo "2236"]
[BlackElo "2424"]
[Annotator "TA"]
[PlyCount "118"]
[EventDate "2019.06.05"]
[EventType "tourn"]
[EventCountry "USA"]
[SourceTitle "playchess.com"]
[Source "ChessBase"]
[SourceQuality "1"]

{[%evp 10,118,26,25,31,35,38,12,12,12,11,11,26,18,23,22,23,0,0,-56,-34,-55,45,29,75,75,67,69,118,99,147,-88,-87,-211,-208,-229,-231,-224,-179,-231,-242,-197,-227,-214,-195,-183,-184,-184,-188,-420,-415,-380,-372,-281,-70,-103,-92,-104,-97,-227,-118,-122,-133,-108,-39,-44,-29,-27,-26,-24,0,-78,0,-8,-8,-8,-8,-78,-71,-160,-8,0,0,-8,-8,-4137,-4137,-29972,-29973,-29973,-29974,-29974,-29975,-29975,-29976,-29976,-29976,-29976,-4133,-29986,-29987,-29989,-29982,-29982,-29983,-29982,-29975,-29975,-29976,-29978,-29979]} 1. e4 e6 2. d4 d5 3. e5 c5 4. c3 Bd7 5. Nf3 a6 6. Bd3 cxd4 {B28: Sicilian: 2 Nf3 a6 (O'Kelly Variation)} 7. cxd4 Bb5 8. O-O (8. Bc2 {is more complex.} Bb4+ 9. Nc3 Qc7 10. Qd2 Ne7 11. a3) (8. Bc2 Bb4+ 9. Bd2 a5 10. a3 Bxd2+ 11. Qxd2 Ne7 12. Nc3 Ba6 13. h4 h6 14. Rh3 {1-0 (46) Eliseev,U (2582)-Artemiev,V (2673) Moscow 2016}) 8... Bxd3 {The position is equal.} 9. Qxd3 Ne7 10. Nc3 Nbc6 11. Ne2 Rc8 $146 ({Predecessor:} 11... Ng6 12. Nf4 Nxf4 13. Bxf4 Be7 14. Bd2 {0-1 (41) Relange,E (2365)-Glek,I (2535) Le Touquet 1993}) 12. Bd2 Nf5 13. Nf4 Be7 14. g3 (14. Bc3 $11) 14... g5 $15 15. Ne2 f6 (15... h5 $15) 16. g4 {Threatens to win with exf6.} Nh6 17. exf6 Bxf6 18. h4 {[%cal Rh4g5]} Nxg4 19. hxg5 Bg7 20. Nf4 $2 (20. Rae1 $16 {and life is bright.}) 20... O-O $1 $17 21. Nxe6 (21. Kg2 $17 Qd6 22. Qa3) 21... Qd6 $19 22. Nxf8 Rxf8 $40 {[%mdl 128] Black attacks with force.} 23. Ne5 Ngxe5 24. dxe5 Nxe5 25. Qg3 Nf3+ {[%mdl 64] Double Attack, Discovered Attack} 26. Kg2 Qxg3+ 27. fxg3 Nxd2 28. Rxf8+ Kxf8 29. Rd1 $2 (29. Rc1 {was called for.}) 29... Nc4 $1 {[%cal Rc4e3] Strongly threatening ...Ne3+.} 30. Kf3 d4 $1 31. b3 Nd6 $2 (31... Nb2 $1 $19 {[%cal Rb2d1]} 32. Rf1 Kf7 33. Ke2+ Kg6) 32. Rc1 $15 {[#]} Kf7 $1 33. Rc7+ Kg6 34. Kf4 {[#]} (34. g4 $17) 34... h6 ({Black should try} 34... Nf7 $1 $19 {aiming for ...Be5+.} 35. Rxb7 Be5+ 36. Kf3 Nxg5+ 37. Ke2 Kf5) 35. gxh6 $17 Bxh6+ 36. Kf3 Kf6 (36... d3 $17 {Hoping for ...d2.} 37. Rd7 Nf7) 37. Ke2 $15 Be3 38. Kd3 Kf5 39. a4 Bf2 40. Rg7 (40. g4+ $11 Kxg4 41. Rd7) 40... a5 (40... Ke6 $17) 41. Rg8 {Rf8+ is the strong threat.} Nf7 42. g4+ Kf6 43. Rb8 (43. b4 $11 {keeps the balance.}) 43... Ne5+ $17 44. Ke2 ({Only move:} 44. Ke4) 44... Bh4 $2 ({And not} 44... Nxg4 45. Kf3 $14) ({Black should play} 44... Bg3 $17 {White must now prevent ...d3+.} 45. g5+ Kg6) 45. Rxb7 $11 d3+ 46. Kd1 Nxg4 47. Rd7 $2 {[%mdl 8192]} (47. Kd2 $11) 47... Nf2+ $19 48. Kd2 Bg5+ 49. Ke1 Be3 50. Rd5 Ke6 51. Rd8 Ke5 52. Rd7 Ke4 53. Rd8 Bc5 (53... d2+ $142 54. Rxd2 Nd3+ 55. Kd1 Bxd2 56. Kxd2 Kd4 57. Kc2 Nc5 58. Kd2 Nxb3+ 59. Kc2 Nc5 60. Kd2 Nxa4 61. Kc2 Kc4 62. Kc1 Kc3 63. Kb1 Kb3 64. Kc1 Nc3 65. Kd2 a4 66. Kd3 a3 67. Ke3 a2 68. Kf3 a1=Q 69. Ke3 Qf1 70. Kd4 Qf5 71. Ke3 Qf6 72. Kd3 Qe5 73. Kd2 Qe2+ 74. Kc1 Qe3#) 54. Re8+ Kf3 {Black mates.} 55. Rb8 Ne4 56. Kd1 Bb4 57. Rd8 Ke3 58. Re8 Kd4 59. Kc1 Nf2 {Accuracy: White = 35%, Black = 47%.} 0-1

[Event "CCCSA IM Norm B 2019"]
[Site "Charlotte"]
[Date "2019.06.06"]
[Round "2.1"]
[White "Francisco, Richard"]
[Black "Zapata, Alonso"]
[Result "1/2-1/2"]
[WhiteElo "2226"]
[BlackElo "2427"]
[Annotator "TA"]
[PlyCount "85"]
[EventDate "2019.06.05"]
[EventType "tourn"]
[EventCountry "USA"]
[SourceTitle "playchess.com"]
[Source "ChessBase"]
[SourceQuality "1"]

{[%evp 14,85,41,25,61,46,59,42,46,20,51,38,40,50,33,25,37,41,42,0,0,-27,0,0,0,0,11,10,3,8,14,0,0,0,0,0,0,0,0,0,24,35,124,8,8,8,27,0,75,76,122,67,64,61,85,0,37,22,43,0,21,0,81,82,62,64,84,52,56,0,0,0,23,0]} 1. e4 c5 2. Nf3 e6 3. d4 cxd4 4. Nxd4 Nc6 5. Nc3 Qc7 6. f4 a6 7. Nxc6 Qxc6 8. Bd3 d6 {B47: Sicilian: Taimanov: 5 Nc3 Qc7 6 f4, 6 g3 and 6 Be2} (8... b5 9. Qe2 Bb7 10. Bd2 Bc5 11. O-O-O Ne7 12. a3 O-O 13. Qh5 f6 14. Rhf1 Rf7 15. g4 b4 16. axb4 Bxb4 17. e5 f5 18. Rg1 Rc8 {0-1 (53) Saric,I (2669)-Harikrishna,P (2744) Riadh 2017}) 9. a4 Nf6 10. O-O Be7 {White is slightly better.} 11. Kh1 Qc7 12. Qe2 $146 ({Predecessor:} 12. Qf3 O-O 13. Bd2 Bd7 14. Rae1 Bc6 15. Qh3 g6 16. f5 {1-0 (31) De Seroux,C (2101)-Cemhan,K (1938) Athens 2012}) 12... O-O 13. e5 Nd7 {[%cal Rd6e5]} 14. exd6 Bxd6 15. Ne4 Be7 16. f5 exf5 17. Bf4 (17. Ng3 $5 {[%cal Re2e7]} Nf6 18. Nxf5 Bxf5 19. Rxf5 $11) 17... Ne5 (17... Qc6 $5 {[%cal Rf5e4]} 18. Ng3 Bf6 $15) 18. Ng3 Bd6 19. Bxf5 Ng6 20. Bxd6 Qxd6 21. Rad1 Qc7 22. c3 Bxf5 23. Nxf5 Rad8 24. Rd4 Rfe8 25. Qf3 Rxd4 26. cxd4 Qd7 27. h4 Nf8 {[#]} (27... Qe6 $14) 28. d5 (28. h5 $1 $16) 28... f6 $11 29. h5 Re5 30. d6 {Black must now prevent h6.} Kh8 (30... Qe6 $11) 31. h6 $16 g6 {[%cal Re5f5]} 32. Ng3 $36 {[%mdl 2048] Black is under pressure.} (32. Ne3 $16 Qe6 33. Qxf6+ Qxf6 34. Rxf6) 32... Qxd6 $14 33. Qxb7 {[%csl Gh6][%cal Rb7g7]} Re7 {[#]} 34. Qa8 ({White should play} 34. Ne4 $1 $16 {[%cal Re4d6]} Qd3 {[%mdl 64] Double Attack} 35. Qxe7 {[%mdl 64] Double Attack} Qxf1+ 36. Kh2 Qf4+ 37. Kg1 Qe3+ 38. Kf1 Qxh6 39. b4 (39. Qxf6+ Kg8 $11)) 34... Rf7 35. Ne4 Qe5 36. Nxf6 Qg5 37. Qe8 Qxh6+ (37... Qh4+ $11 38. Kg1 Qd4+ {[%mdl 64] Double Attack} 39. Kh1 Qh4+ 40. Kg1 Qd4+ {[%mdl 64] Double Attack} 41. Kh1 Qh4+) 38. Kg1 $16 Qg7 39. Qd8 h5 40. b4 {Strongly threatening Kh2.} Qh6 41. Qe8 (41. Qb6 $14) 41... Qg7 $11 42. Qd8 {Threatens to win with Kh2.} Qh6 43. Qe8 {Accuracy: White = 43%, Black = 51%.} 1/2-1/2

[Event "CCCSA IM Norm B 2019"]
[Site "Charlotte"]
[Date "2019.06.06"]
[Round "2.2"]
[White "Kumar, Nikhil"]
[Black "Homa, Seth"]
[Result "0-1"]
[WhiteElo "2257"]
[BlackElo "2300"]
[Annotator "TA"]
[PlyCount "108"]
[EventDate "2019.06.05"]
[EventType "tourn"]
[EventCountry "USA"]
[SourceTitle "playchess.com"]
[Source "ChessBase"]
[SourceQuality "1"]

{[%evp 9,108,21,34,10,8,0,15,0,22,-15,-27,-26,-12,-19,0,0,39,0,28,26,14,22,29,32,42,36,51,50,59,38,47,31,27,20,25,0,52,39,47,26,60,40,49,39,52,47,79,26,30,0,0,-71,0,0,61,31,41,0,0,13,15,0,0,-59,-60,-63,-79,-112,-85,-72,-75,-77,-73,-89,-90,-91,-84,-90,-79,-83,-79,-83,-74,-97,-97,-143,-90,-90,-90,-244,-249,-232,-235,-225,-243,-839,-829,-6082,-5942,-5029,-5029]} 1. d4 Nf6 2. c4 e6 3. g3 d5 4. Nf3 dxc4 5. Bg2 Bd7 6. O-O {E04: Open Catalan: 5 Nf3} (6. Ne5 Bc6 7. Nxc6 Nxc6 8. e3 Bb4+ 9. Nd2 e5 10. O-O Bxd2 11. Bxd2 exd4 12. Rc1 O-O 13. Rxc4 Nd5 14. exd4 Qd7 15. Bg5 h6 16. Rc5 {½-½ (26) Wojtaszek,R (2722)-Vitiugov,N (2726) Prague 2019}) 6... Bc6 7. a4 a6 8. Qc2 {The position is equal.} b5 9. axb5 axb5 10. Rxa8 Bxa8 11. Nc3 b4 $146 ({Predecessor:} 11... c6 12. Bf4 {0-1 (23) Miguel Aparicio,F (2350)-Cruz,F (2355) Peru 1997}) 12. Nd1 Bd5 13. Bg5 Nbd7 14. Bxf6 Nxf6 15. Ne3 Bd6 16. Nxc4 O-O 17. Nfd2 Bxg2 18. Kxg2 Be7 19. Nb3 c5 20. dxc5 Bxc5 21. e4 Bb6 22. Ne5 Qb8 (22... Qc7 $11 23. Nc4 h6) 23. Nc6 $14 Qb7 24. f3 h5 25. Qc4 h4 26. Rc1 Be3 27. Rc2 g6 28. Qd3 ({Much weaker is} 28. gxh4 Nh5 $15) ({White should play} 28. Nxb4 $16 Kg7 29. Qc3 (29. gxh4 Rh8 $11)) 28... Bh6 $11 29. Qd6 Qb5 30. Qd1 (30. Qd4 $11 h3+ 31. Kf2) 30... hxg3 (30... Be3 $1 $17) 31. hxg3 Nh5 (31... Be3 $11) 32. Rc5 Qa6 33. Nxb4 Qb6 $36 {[%mdl 2048] White is under pressure.} 34. Nc6 $1 Be3 35. Rc3 Bf2 36. Ne7+ ({Better is} 36. Qd6 $1 $11) 36... Kg7 $15 37. Nc8 Qb8 {[%mdl 64] Double Attack} 38. Qd6 Qxd6 (38... Bxg3 {keeps more tension.} 39. Qxb8 Bxb8 40. Kf2 Rh8 41. Rc2 Bg3+) 39. Nxd6 Bxg3 40. Nc4 Be1 41. Rc1 Nf4+ 42. Kf1 Bg3 {And now ...Rh8 would win.} 43. Rc2 Rd8 {[%cal Rd8d1]} 44. Ne3 Rh8 {[%cal Rh8h1]} 45. Kg1 Rb8 46. Nd4 Nd3 47. b3 Ra8 (47... Rd8 $142 $1 {[%cal Rd8d4]} 48. Nc6 Ra8) 48. Rd2 $17 Nf4 49. Ne2 $2 (49. Ndc2 $17 {was called for.}) 49... Ra1+ $19 50. Nf1 {[#]} Be1 $1 {[%cal Re1d2]} 51. Rc2 {[#]} Nd3 $1 52. Nc3 $2 (52. Rc4) 52... Nb4 {Black is clearly winning.} 53. Ne3 Bxc3+ {[%mdl 64] Discovered Attack} 54. Kg2 Nxc2 {Accuracy: White = 40%, Black = 60%.} 0-1

[Event "CCCSA IM Norm B 2019"]
[Site "Charlotte"]
[Date "2019.06.06"]
[Round "2.3"]
[White "Kolay, Alex"]
[Black "Sinha, Sahil"]
[Result "1/2-1/2"]
[WhiteElo "2274"]
[BlackElo "2283"]
[Annotator "TA"]
[PlyCount "54"]
[EventDate "2019.06.05"]
[EventType "tourn"]
[EventCountry "USA"]
[SourceTitle "playchess.com"]
[Source "ChessBase"]
[SourceQuality "1"]

{[%evp 18,54,39,28,33,33,24,17,31,25,118,113,113,107,114,106,108,105,114,110,112,99,123,123,122,122,127,121,166,121,137,131,137,126,156,131,141,140,137]} 1. d4 Nf6 2. c4 e6 3. Nf3 b6 4. a3 Bb7 5. Nc3 d5 6. cxd5 Nxd5 7. Qc2 Be7 8. e4 Nxc3 9. bxc3 c5 10. Bb5+ Bc6 {E12: Queen's Indian: Unusual White 4th moves, 4 a3, 4 Nc3 Bb7 5 a3 and 4 Nc3 Bb7} 11. Bd3 O-O 12. O-O Qc7 {The position is equal.} (12... Bb7 13. Rd1 Nd7 14. Bf4 Qc8 15. Qe2 Re8 16. a4 Nf6 17. h3 Rd8 18. a5 {½-½ (54) Gupta,A (2610)-Deepan Chakkravarthy,J (2475) New Delhi 2018}) 13. d5 $146 ({Predecessor:} 13. Re1 Rc8 14. d5 exd5 15. exd5 Bxd5 16. Bxh7+ Kf8 17. Qf5 Bxf3 18. Rxe7 Kxe7 {1-0 (35) Vales,V (2193)-Orsagova,S (2196) Czechia 2011}) 13... Bd7 (13... c4 $1 $11 14. Bxc4 Bxd5 15. Bxd5 (15. exd5 Qxc4 16. dxe6 fxe6 $14) 15... exd5) 14. c4 $16 {Threatens to win with e5.} e5 15. Bb2 Bd6 16. Nh4 f6 17. g3 Bh3 18. Rfe1 g6 19. Re3 Na6 20. f4 Bg4 21. f5 g5 22. Ng2 Bh5 23. Ree1 Be8 24. Ne3 Qe7 25. Reb1 Bd7 26. Bc1 Rfb8 27. Rb2 Nc7 {Accuracy: White = 68%, Black = 36%.} 1/2-1/2